Podporovať iniciatívu členov Zo správy o aktivite, demokracii a vnútrozväzovej činnosti, prednesenej na 4. zasadaní ÚV ZPO SSR Mironom Adzimom, predsedom ÚV ZPO SSR

Bibliographic Details
Main Author: Adzim, Miron (Author)
Format: Article
Language:Slovak
Subjects:

MARC

LEADER 00000nab a2200000 a 4500
001 vtls000370027
003 SK-MaSNL
005 20260303002403.0
008 220422c1990 xo 0 slo
015 |a SNBRB19rr/mm-uuuuu 
035 |a CL0370149 
040 |a SNKBUCL  |b slo  |c SNKBUCL  |e AACR2 
041 0 |a slo 
044 |a xo  |c SK 
080 |a 614.842.8:061.25(437.6):061.3  |2 1981 
080 |a 061.25(437.6)  |2 1981 
080 |a 061.3  |2 1981 
100 1 |a Adzim, Miron  |4 aut  |9 961976 
245 1 0 |a Podporovať iniciatívu členov  |b Zo správy o aktivite, demokracii a vnútrozväzovej činnosti, prednesenej na 4. zasadaní ÚV ZPO SSR Mironom Adzimom, predsedom ÚV ZPO SSR  |c Miron Adzim 
650 0 7 |a Zväz požiarnej ochrany ČSSR  |2 snkbucl  |9 921603 
655 7 |a články z novín a časopisov  |2 snkbucl  |9 267496 
773 0 |t Požiarnik  |g Roč. 67, č. 1 (1990), s. 4 
850 |a Slovenská národná knižnica v Martine  |a MTA001 
852 |a SNK  |b KIS3GCP 
958 |a RK 
958 |a ME 
992 |a RBX 
999 |c 1567721  |d 1569651